[Event "BPB Limburg-open C"]
[Site "Maastricht"]
[Date "2015.05.23"]
[Round "3"]
[White "Van der Hoeven, Carsten"]
[Black "De Bruin, Joost"]
[Result "0-1"]
[WhiteElo "1366"]
[BlackElo "1724"]
[PlyCount "98"]
[EventDate "2015.05.22"]
[EventType "swiss"]
[EventRounds "7"]
[EventCountry "NED"]
[Source "P.Boonen"]
[SourceDate "2015.01.01"]

1. e4 e6 2. d4 d5 3. exd5 exd5 4. Nc3 c6 5. Nf3 Bd6 6. Be3 Ne7 7. Bd3 Bg4 8. h3
Bh5 9. g4 Bg6 10. Qd2 Qc7 11. O-O-O Nd7 12. Kb1 h6 13. Nh4 Bxd3 14. Qxd3 O-O-O
15. Rhf1 Kb8 16. f4 Rde8 17. Ng2 h5 18. g5 f6 19. h4 f5 20. Rde1 g6 21. Rf2 Nc8
22. Rfe2 Ndb6 23. Bd2 Qd7 24. a3 Na8 25. Na4 Re4 26. Nc5 Bxc5 27. dxc5 Rhe8 28.
Bc3 Rxe2 29. Rxe2 Re4 30. Be5+ Nc7 31. Rxe4 fxe4 32. Qd4 Ne7 33. Ne3 Kc8 34.
Qa4 Na6 35. Qd4 Nc7 36. Nc4 dxc4 37. Qxc4 Qd1+ 38. Ka2 Qd5 39. Qxd5 cxd5 40.
Kb1 Nc6 41. Bc3 Ne6 42. Bd2 Nxc5 43. Kc1 Kd7 44. c3 Nb3+ 45. Kc2 Nxd2 46. Kxd2
Ke6 47. b4 Kf5 48. b5 Na5 49. Ke3 Nc4+ 0-1

[Event "BPB Limburg-open C"]
[Site "Maastricht"]
[Date "2015.05.23"]
[Round "3"]
[White "Vanden Bossche, Nicolas"]
[Black "Allaart, Jesse"]
[Result "1-0"]
[WhiteElo "1681"]
[BlackElo "1230"]
[PlyCount "75"]
[EventDate "2015.05.22"]
[EventType "swiss"]
[EventRounds "7"]
[EventCountry "NED"]
[Source "P.Boonen"]
[SourceDate "2015.01.01"]

1. d4 d5 2. c4 e6 3. Nc3 Nf6 4. Bg5 c6 5. e3 Nbd7 6. Nf3 Qa5 7. a3 Ne4 8. Qc2
Bb4 9. Rc1 Bxc3+ 10. bxc3 Qxa3 11. Bf4 Nb6 12. cxd5 exd5 13. Bd3 O-O 14. O-O
Qe7 15. Be5 f6 16. Bg3 Bf5 17. Nh4 Nxg3 18. Nxf5 Nxf5 19. Bxf5 g6 20. Bd3 f5
21. Qb3 Qe6 22. c4 dxc4 23. Rxc4 Kh8 24. Rb4 Qxb3 25. Rxb3 Kg7 26. Ra1 Rf7 27.
Rxb6 axb6 28. Rxa8 f4 29. Ra3 fxe3 30. fxe3 c5 31. d5 Rd7 32. e4 Kf6 33. Kf2
Ke5 34. Ke3 g5 35. Ra7 Rc7 36. Ba6 c4 37. Rxb7 Rc5 38. Rxb6 1-0

[Event "BPB Limburg-open C"]
[Site "Maastricht"]
[Date "2015.05.23"]
[Round "3"]
[White "Wenzel, Jakoba"]
[Black "Slangen-Knuit, Dien"]
[Result "1-0"]
[WhiteElo "1176"]
[BlackElo "1033"]
[PlyCount "41"]
[EventDate "2015.05.22"]
[EventType "swiss"]
[EventRounds "7"]
[EventCountry "NED"]
[Source "P.Boonen"]
[SourceDate "2015.01.01"]

1. Nf3 d5 2. d3 e6 3. g3 c6 4. c3 Nf6 5. Bg2 Be7 6. O-O O-O 7. Re1 Nbd7 8. Nbd2
b6 9. e4 dxe4 10. dxe4 Bc5 11. Qe2 a5 12. h3 Ba6 13. c4 Qc7 14. e5 Nh5 15. Ne4
Nxe5 16. Nxc5 Bxc4 17. Qxe5 Qxe5 18. Nxe5 Bb5 19. Ncd7 Rfd8 20. Rd1 c5 21. Bxa8
1-0

[Event "BPB Limburg-open C"]
[Site "Maastricht"]
[Date "2015.05.23"]
[Round "3"]
[White "Weynjes, Tim"]
[Black "Patil, Mahesh"]
[Result "1-0"]
[WhiteElo "1233"]
[BlackElo "1553"]
[PlyCount "91"]
[EventDate "2015.05.22"]
[EventType "swiss"]
[EventRounds "7"]
[EventCountry "NED"]
[Source "P.Boonen"]
[SourceDate "2015.01.01"]

1. e4 c5 2. d4 cxd4 3. Nf3 d6 4. Bc4 Nc6 5. O-O e5 6. c3 dxc3 7. Nxc3 Nf6 8.
Bg5 Be7 9. Bxf6 Bxf6 10. Qb3 O-O 11. Nd5 Na5 12. Nxf6+ Qxf6 13. Qb4 Nxc4 14.
Qxc4 Be6 15. Qb4 Qe7 16. Nxe5 a5 17. Qa3 b5 18. Nc6 Qc7 19. Nd4 b4 20. Nxe6
fxe6 21. Qb3 Rf6 22. a3 Rb8 23. Qg3 Rg6 24. Qf4 Rf8 25. Qd2 Rh6 26. axb4 axb4
27. Qxb4 d5 28. g3 Qe5 29. exd5 exd5 30. Qc3 Qh5 31. h4 Rg6 32. Kh2 Rgf6 33.
Qc5 Rf5 34. Qd4 g5 35. Kg2 Qf3+ 36. Kh2 gxh4 37. gxh4 R8f6 38. Rg1+ Rg6 39.
Ra8+ Kf7 40. Qa7+ Kf6 41. Rf8+ Ke5 42. Re1+ Kd6 43. Rd8+ Kc6 44. Rc1+ Kb5 45.
Rb8+ Rb6 46. Rxb6# 1-0

[Event "BPB Limburg-open C"]
[Site "Maastricht"]
[Date "2015.05.23"]
[Round "3"]
[White "Zhang, Martin"]
[Black "Vos, Wolfgang"]
[Result "1-0"]
[WhiteElo "1704"]
[BlackElo "1578"]
[PlyCount "71"]
[EventDate "2015.05.22"]
[EventType "swiss"]
[EventRounds "7"]
[EventCountry "NED"]
[Source "P.Boonen"]
[SourceDate "2015.01.01"]

1. e4 c5 2. c3 Nc6 3. d4 cxd4 4. cxd4 e6 5. Nc3 d5 6. Nf3 dxe4 7. Nxe4 Bb4+ 8.
Bd2 Qa5 9. Nc3 Nf6 10. Bd3 O-O 11. a3 Bxc3 12. bxc3 Qc7 13. O-O b6 14. Qc2 h6
15. Rae1 Bb7 16. Qc1 Ne7 17. Ne5 Nf5 18. g4 Nh4 19. Re3 Bg2 20. Rfe1 Qb7 21.
Qd1 Bh1 22. Rg3 Ne4 23. Bxe4 Bxe4 24. g5 Nf5 25. Rg4 Bc6 26. gxh6 g6 27. h4 Kh7
28. f3 Nxh6 29. Bxh6 Kxh6 30. Qd3 Rg8 31. Kf2 f5 32. Rxg6+ Rxg6 33. Nxg6 Kxg6
34. Rxe6+ Kg7 35. Qxf5 Rf8 36. Rg6+ 1-0

[Event "BPB Limburg-open C"]
[Site "Maastricht"]
[Date "2015.05.23"]
[Round "3"]
[White "Zheng, Jimmy"]
[Black "Baselmans, Daan"]
[Result "0-1"]
[WhiteElo "900"]
[BlackElo "900"]
[PlyCount "84"]
[EventDate "2015.05.22"]
[EventType "swiss"]
[EventRounds "7"]
[EventCountry "NED"]
[Source "P.Boonen"]
[SourceDate "2015.01.01"]

1. e4 e5 2. Nf3 Nc6 3. Nc3 Nf6 4. Bb5 Bc5 5. d3 Ng4 6. O-O O-O 7. h3 Nxf2 8.
Rxf2 Bxf2+ 9. Kxf2 Qf6 10. Bg5 Qg6 11. Qd2 h6 12. Bh4 d6 13. Nd5 Qh7 14. Bxc6
bxc6 15. Ne7+ Kh8 16. Nxc6 g5 17. Bg3 Qg7 18. Ne7 f6 19. Nf5 Bxf5 20. exf5 Qh7
21. Bh2 Qxf5 22. g4 Qg6 23. c4 Kg7 24. Qa5 Rfc8 25. Qc3 h5 26. c5 Qh6 27. d4
hxg4 28. hxg4 e4 29. Bg3 exf3 30. Kxf3 Qh3 31. Qb4 dxc5 32. Qxc5 Rab8 33. b3
Kg6 34. a4 Rxb3+ 35. Ke4 Qxg4+ 36. Kd5 c6+ 37. Kc4 Qxg3 38. Qf5+ Kxf5 39. Kc5
Rc3+ 40. Kb4 Rb8+ 41. Ka5 Qc7+ 42. Ka6 Qb6# 0-1

[Event "BPB Limburg-open C"]
[Site "Maastricht"]
[Date "2015.05.24"]
[Round "4"]
[White "Akulov, Lev"]
[Black "Van Foreest, Machteld"]
[Result "1-0"]
[WhiteElo "1611"]
[BlackElo "1420"]
[PlyCount "85"]
[EventDate "2015.05.22"]
[EventType "swiss"]
[EventRounds "7"]
[EventCountry "NED"]
[Source "P.Boonen"]
[SourceDate "2015.01.01"]

1. e4 e5 2. Nf3 Nc6 3. d4 exd4 4. Bc4 Bc5 5. c3 Nf6 6. e5 d5 7. Bb5 Ne4 8.
Bxc6+ bxc6 9. cxd4 Bb4+ 10. Bd2 Nxd2 11. Nbxd2 Bg4 12. Qa4 Bxd2+ 13. Kxd2 Qd7
14. Rac1 Rb8 15. b3 Rb6 16. Rc2 Qd8 17. Qxa7 Bxf3 18. gxf3 Qg5+ 19. Ke2 Kd7 20.
Rhc1 Re8 21. Rc5 Rc8 22. Qa4 Ke7 23. Rxc6 Rxc6 24. Qxc6 Kf8 25. Rc5 Qe7 26.
Rxd5 Kg8 27. Qd7 Qf8 28. Kd3 h6 29. Rc5 Kh7 30. Rxc7 Rxc7 31. Qxc7 Qa8 32. Qxf7
Qxa2 33. Ke3 Qb2 34. f4 Qc1+ 35. Kf3 Qc3+ 36. Kg4 Qxd4 37. e6 Qd1+ 38. Kg3
Qxb3+ 39. f3 Qd5 40. Kg4 Qc4 41. Qf5+ Kg8 42. e7 Qf7 43. Qc8+ 1-0

[Event "BPB Limburg-open C"]
[Site "Maastricht"]
[Date "2015.05.24"]
[Round "4"]
[White "Allaart, Jesse"]
[Black "Laureys, Jo"]
[Result "1-0"]
[WhiteElo "1230"]
[BlackElo "1283"]
[PlyCount "57"]
[EventDate "2015.05.22"]
[EventType "swiss"]
[EventRounds "7"]
[EventCountry "NED"]
[Source "P.Boonen"]
[SourceDate "2015.01.01"]

1. e4 e5 2. Nf3 Nc6 3. d4 Be7 4. dxe5 d6 5. exd6 Bxd6 6. Bc4 Nf6 7. Nc3 Bg4 8.
h3 Bxf3 9. Qxf3 Ne5 10. Qe2 O-O 11. O-O Re8 12. f4 Bc5+ 13. Kh1 Nxc4 14. Qxc4
Bd4 15. e5 Nh5 16. Rf3 c5 17. Bd2 Qc7 18. g4 Nxf4 19. Bxf4 Bxe5 20. Bxe5 Rxe5
21. Raf1 Rf8 22. Qd3 b6 23. Rf5 Qb7+ 24. Kg1 Re7 25. Nd5 Rd7 26. Rh5 h6 27.
Rxh6 gxh6 28. Nf6+ Kg7 29. Qh7# 1-0

[Event "BPB Limburg-open C"]
[Site "Maastricht"]
[Date "2015.05.24"]
[Round "4"]
[White "Baselmans, Daan"]
[Black "Schlosser, Mathias"]
[Result "0-1"]
[WhiteElo "900"]
[BlackElo "1720"]
[PlyCount "62"]
[EventDate "2015.05.22"]
[EventType "swiss"]
[EventRounds "7"]
[EventCountry "NED"]
[Source "P.Boonen"]
[SourceDate "2015.01.01"]

1. e4 e5 2. Nf3 Nc6 3. Bc4 Be7 4. d3 Nf6 5. Nc3 d6 6. h3 Na5 7. Bd5 c6 8. Bxf7+
Kxf7 9. b4 Rf8 10. bxa5 Qxa5 11. Bd2 Qc7 12. O-O Kg8 13. Bg5 Be6 14. d4 Bc4 15.
Re1 h6 16. Bxf6 Bxf6 17. Re3 Rf7 18. d5 c5 19. Nd2 Ba6 20. Rf3 Raf8 21. g3 Bg5
22. Rxf7 Qxf7 23. Qe1 b6 24. h4 Bxd2 25. Qxd2 Qd7 26. a4 Bc8 27. a5 Qh3 28.
axb6 axb6 29. Nb5 Bg4 30. f3 Rxf3 31. Nxd6 Rxg3+ 0-1

[Event "BPB Limburg-open C"]
[Site "Maastricht"]
[Date "2015.05.24"]
[Round "4"]
[White "Baselmans, Sam"]
[Black "Weynjes, Tim"]
[Result "1-0"]
[WhiteElo "1586"]
[BlackElo "1233"]
[PlyCount "69"]
[EventDate "2015.05.22"]
[EventType "swiss"]
[EventRounds "7"]
[EventCountry "NED"]
[Source "P.Boonen"]
[SourceDate "2015.01.01"]

1. e4 d5 2. exd5 Nf6 3. d4 e6 4. dxe6 Bxe6 5. Nf3 Be7 6. Be2 O-O 7. O-O Nc6 8.
c3 Qd5 9. c4 Qd6 10. d5 Nxd5 11. cxd5 Bxd5 12. Nc3 Rad8 13. Nxd5 Qxd5 14. Qxd5
Rxd5 15. Bf4 Rc8 16. Rad1 Ra5 17. a3 Ra4 18. Bg3 f5 19. Bb5 Rg4 20. h3 Rg6 21.
Ne5 Rf6 22. Bc4+ Kh8 23. Nf7+ Rxf7 24. Bxf7 Bg5 25. Be6 Re8 26. Bd7 Rf8 27.
Bxc7 Rf6 28. f4 Bh6 29. Bxc6 Rf8 30. Bxb7 g6 31. Rd7 Bg7 32. Re1 Kg8 33. Ree7
Bxb2 34. Bd5+ Kh8 35. Rxh7# 1-0

[Event "BPB Limburg-open C"]
[Site "Maastricht"]
[Date "2015.05.24"]
[Round "4"]
[White "Bauer, Juri"]
[Black "Overmeer, Henk"]
[Result "0-1"]
[WhiteElo "1418"]
[BlackElo "1644"]
[PlyCount "91"]
[EventDate "2015.05.22"]
[EventType "swiss"]
[EventRounds "7"]
[EventCountry "NED"]
[Source "P.Boonen"]
[SourceDate "2015.01.01"]

1. e4 d5 2. exd5 Qxd5 3. Nc3 Qd6 4. Nf3 Nf6 5. d3 c6 6. Be2 Bf5 7. O-O e6 8.
Re1 Be7 9. Nh4 Bg6 10. Bf3 Na6 11. Be3 Nc7 12. Qe2 O-O-O 13. g3 Nfd5 14. Ng2
Nxe3 15. Nxe3 h5 16. Nc4 Qd7 17. Ne5 Qe8 18. Nxg6 fxg6 19. h3 Kb8 20. a3 Qf7
21. b4 Bf6 22. Na4 Bxa1 23. Rxa1 Rhf8 24. Be4 Qf6 25. Rb1 Nb5 26. c4 Nd4 27.
Qa2 Nf3+ 28. Kf1 Ng5 29. Nc5 Nxe4 30. Nxe4 Qf3 31. Rb3 Rxd3 32. Rxd3 Qxd3+ 33.
Qe2 Rd8 34. c5 Qd1+ 35. Qxd1 Rxd1+ 36. Ke2 Ra1 37. Ng5 Rxa3 38. Nxe6 Rb3 39.
Nxg7 Rxb4 40. Ne6 a5 41. Nf4 a4 42. Nd3 Rb5 43. Kd2 a3 44. Nc1 Rb2+ 45. Kc3
Rxf2 46. Kb3 0-1

[Event "BPB Limburg-open C"]
[Site "Maastricht"]
[Date "2015.05.24"]
[Round "4"]
[White "Been, Klaas"]
[Black "Mestrom, Sterre"]
[Result "1-0"]
[WhiteElo "1722"]
[BlackElo "1312"]
[PlyCount "97"]
[EventDate "2015.05.22"]
[EventType "swiss"]
[EventRounds "7"]
[EventCountry "NED"]
[Source "P.Boonen"]
[SourceDate "2015.01.01"]

1. d4 d5 2. Nf3 g6 3. e3 Bg7 4. Bd3 Nf6 5. Nbd2 O-O 6. O-O Nc6 7. c3 Re8 8. Re1
e5 9. dxe5 Nxe5 10. Nxe5 Rxe5 11. Nf3 Re7 12. h3 Be6 13. Qc2 c5 14. Rd1 Qe8 15.
Qe2 c4 16. Bc2 Rd8 17. Bd2 Bd7 18. Nd4 Ne4 19. Be1 h5 20. f3 Nf6 21. Bf2 Bh6
22. Re1 Bc6 23. Rad1 a5 24. Nxc6 Qxc6 25. Rd4 Rde8 26. f4 Qe6 27. Qf3 Ne4 28.
Bxe4 dxe4 29. Qe2 b5 30. Red1 Qc6 31. Rd6 Qb7 32. Bh4 Rc7 33. Bf6 Bf8 34. R6d5
Rc6 35. Be5 Bg7 36. Rd7 Qb6 37. Bd4 Bxd4 38. R1xd4 Rcc8 39. Qd2 Rb8 40. R7d6
Qa7 41. Qf2 Rb6 42. R6d5 Qb8 43. Qh4 Qc7 44. Qg5 Rbb8 45. Rxb5 a4 46. Rxb8 Rxb8
47. Qf6 Rxb2 48. Rd8+ Kh7 49. Qh8# 1-0

[Event "BPB Limburg-open C"]
[Site "Maastricht"]
[Date "2015.05.24"]
[Round "4"]
[White "Beukema, Christiaan"]
[Black "Beukema, Constantijn"]
[Result "1-0"]
[WhiteElo "1470"]
[BlackElo "1553"]
[PlyCount "81"]
[EventDate "2015.05.22"]
[EventType "swiss"]
[EventRounds "7"]
[EventCountry "NED"]
[Source "P.Boonen"]
[SourceDate "2015.01.01"]

1. e4 e5 2. Nf3 Nc6 3. Bc4 Bc5 4. b4 Bxb4 5. c3 Be7 6. d4 exd4 7. O-O d6 8.
cxd4 Nf6 9. Nc3 O-O 10. h3 a6 11. a3 Bd7 12. Ng5 b5 13. Ba2 b4 14. axb4 Nxb4
15. Bc4 a5 16. Nxf7 Rxf7 17. Bxf7+ Kxf7 18. e5 dxe5 19. dxe5 Ne8 20. Qf3+ Kg8
21. Rd1 Nc6 22. e6 Ne5 23. Qh5 Nd6 24. Qxe5 Bf6 25. Qd5 Kf8 26. exd7 Bxc3 27.
Qf3+ Bf6 28. Ba3 Ke7 29. Bxd6+ cxd6 30. Ra2 Kxd7 31. Rad2 Ra6 32. Qb7+ Qc7 33.
Qxa6 Be5 34. Qb5+ Ke6 35. Qe8+ Kf6 36. Rd3 Qc2 37. Rxd6+ Bxd6 38. Rxd6+ Kf5 39.
Qe6+ Kf4 40. g3+ Kf3 41. Qe3# 1-0

[Event "BPB Limburg-open C"]
[Site "Maastricht"]
[Date "2015.05.24"]
[Round "4"]
[White "Bijvank, Evelyn"]
[Black "Krug, Franz-Dieter"]
[Result "0-1"]
[WhiteElo "900"]
[BlackElo "1639"]
[PlyCount "64"]
[EventDate "2015.05.22"]
[EventType "swiss"]
[EventRounds "7"]
[EventCountry "NED"]
[Source "P.Boonen"]
[SourceDate "2015.01.01"]

1. e4 e5 2. Nf3 Nc6 3. d4 exd4 4. Nxd4 Ne5 5. Nc3 Nf6 6. Bf4 d6 7. Bxe5 dxe5 8.
Ndb5 Bd7 9. Be2 a6 10. Na3 b5 11. Nab1 c6 12. a3 b4 13. axb4 Bxb4 14. O-O a5
15. Qd3 O-O 16. Rd1 Qe7 17. Na4 Rad8 18. h3 Be6 19. Qa6 Rxd1+ 20. Bxd1 Nxe4 21.
Qxc6 Qh4 22. c3 Qxf2+ 23. Kh2 Qf4+ 24. Kg1 Be7 25. Bf3 Ng5 26. Qc7 Nxf3+ 27.
gxf3 Qg3+ 28. Kf1 Qxf3+ 29. Ke1 Bh4+ 30. Kd2 Rd8+ 31. Kc2 Qd3+ 32. Kc1 Qd1# 0-1

[Event "BPB Limburg-open C"]
[Site "Maastricht"]
[Date "2015.05.24"]
[Round "4"]
[White "Bijvank, Kylian"]
[Black "Schroeder, Oliver"]
[Result "0-1"]
[WhiteElo "1371"]
[BlackElo "1623"]
[PlyCount "128"]
[EventDate "2015.05.22"]
[EventType "swiss"]
[EventRounds "7"]
[EventCountry "NED"]
[Source "P.Boonen"]
[SourceDate "2015.01.01"]

1. e4 d6 2. d4 Nf6 3. Nc3 e5 4. dxe5 dxe5 5. Qxd8+ Kxd8 6. Nf3 Bd6 7. Bg5 Be6
8. O-O-O Ke7 9. Kb1 c6 10. Rd2 Nbd7 11. Be2 h6 12. Bh4 Bb4 13. Bd3 Bxc3 14.
bxc3 Bg4 15. Ne1 g5 16. Bg3 Nh5 17. f3 Nxg3 18. hxg3 Be6 19. g4 Rad8 20. g3 Kf6
21. Rdh2 Kg7 22. c4 Nb6 23. Re2 Bxc4 24. Bxc4 Nxc4 25. Nd3 f6 26. Kc1 b6 27.
Nb2 Nxb2 28. Kxb2 Kg6 29. Kc3 Rd4 30. Kb3 a5 31. c3 Rd3 32. Rf2 b5 33. Kc2 Rd6
34. Rd2 Rxd2+ 35. Kxd2 Rd8+ 36. Ke2 c5 37. Rb1 b4 38. Rc1 h5 39. gxh5+ Kxh5 40.
cxb4 cxb4 41. g4+ Kg6 42. Rc5 Ra8 43. Rb5 Kf7 44. Rb7+ Kg6 45. Ke3 Ra6 46. Ke2
Rc6 47. Rd7 a4 48. Kd2 Rc3 49. Rd3 Rc4 50. Re3 Kf7 51. Rd3 Ke6 52. Rd5 Rd4+ 53.
Rxd4 exd4 54. Kc2 Ke5 55. Kd3 b3 56. axb3 axb3 57. f4+ gxf4 58. g5 fxg5 59. Kd2
Kxe4 60. Kc1 f3 61. Kb2 f2 62. Kxb3 f1=Q 63. Kb4 Kd5 64. Ka5 Qb1 0-1

[Event "BPB Limburg-open C"]
[Site "Maastricht"]
[Date "2015.05.24"]
[Round "4"]
[White "Brandsma, Romayn"]
[Black "Ulburghs, Piet"]
[Result "0-1"]
[WhiteElo "900"]
[BlackElo "1667"]
[PlyCount "180"]
[EventDate "2015.05.22"]
[EventType "swiss"]
[EventRounds "7"]
[EventCountry "NED"]
[Source "P.Boonen"]
[SourceDate "2015.01.01"]

1. e4 c5 2. Nf3 e6 3. Nc3 a6 4. a3 b5 5. Be2 Bb7 6. d4 b4 7. axb4 cxb4 8. Na2
Bxe4 9. Bf4 Nc6 10. O-O Nf6 11. Nc1 Qb6 12. Be3 Nd5 13. Nb3 d6 14. h3 Be7 15.
Rc1 a5 16. c4 bxc3 17. bxc3 Rb8 18. Na1 O-O 19. c4 Nxe3 20. fxe3 Nb4 21. Nd2
Bg6 22. e4 Qxd4+ 23. Kh1 Bg5 24. Nab3 Qa7 25. c5 a4 26. Ra1 dxc5 27. Nc1 Ra8
28. Bf3 e5 29. Nc4 Rfd8 30. Qe1 Bxc1 31. Qxc1 Nd3 32. Qc2 f6 33. Rad1 Nb4 34.
Rxd8+ Rxd8 35. Qc3 Rd4 36. Nd2 Bf7 37. Rc1 Nd3 38. Rb1 h6 39. Be2 Qd7 40. Rb8+
Kh7 41. Nf3 Nf2+ 42. Kg1 Nxe4 43. Qa5 Bh5 44. Qa8 Rd1+ 45. Bxd1 Qxd1+ 46. Kh2
Bxf3 47. Rh8+ Kg6 48. Qe8+ Kg5 49. Rg8 Bh5 50. Rxg7+ Kf5 51. Qc8+ Kf4 52. g3+
Ke3 53. Qf5 Qe2+ 54. Kg1 Qe1+ 55. Qf1 Qxf1+ 56. Kxf1 Be2+ 57. Kg2 h5 58. Ra7
Bd1 59. Kf1 Nxg3+ 60. Ke1 Bb3 61. h4 f5 62. Rxa4 Kd3 63. Ra3 c4 64. Kf2 Ne4+
65. Ke1 Kc3 66. Ke2 Kb2 67. Ra8 c3 68. Rc8 Nd6 69. Rc6 Nc4 70. Rh6 Kc1 71. Rxh5
Bd1+ 72. Kd3 Bxh5 73. Kxc4 c2 74. Kd5 e4 75. Kd4 Kd2 76. Ke5 Bg4 77. Kf6 c1=Q
78. Kg5 Ke2+ 79. Kf6 Qh6+ 80. Ke5 f4 81. Kxe4 f3 82. h5 f2 83. Kd4 Qe3+ 84. Kd5
f1=Q 85. Kc4 Be6+ 86. Kb4 Qd4+ 87. Kb5 Kd2+ 88. Kc6 Qfc4+ 89. Kb7 Qb5+ 90. Kc7
Qdd7# 0-1

[Event "BPB Limburg-open C"]
[Site "Maastricht"]
[Date "2015.05.24"]
[Round "4"]
[White "De Bruin, Joost"]
[Black "De Bock, Thijs"]
[Result "1/2-1/2"]
[WhiteElo "1724"]
[BlackElo "1621"]
[PlyCount "104"]
[EventDate "2015.05.22"]
[EventType "swiss"]
[EventRounds "7"]
[EventCountry "NED"]
[Source "P.Boonen"]
[SourceDate "2015.01.01"]

1. d4 Nf6 2. c4 g6 3. Nc3 Bg7 4. e4 d6 5. Nf3 O-O 6. Be2 Nbd7 7. O-O e5 8. d5
a5 9. Ne1 Nc5 10. Qc2 Ne8 11. Be3 f5 12. Bxc5 dxc5 13. Nd3 b6 14. f3 Nd6 15. b3
f4 16. a3 g5 17. Na4 g4 18. fxg4 Nxe4 19. Bf3 Ng5 20. Rae1 Re8 21. Nc3 Qf6 22.
Ne4 Nxe4 23. Rxe4 h5 24. Qe2 Qg5 25. h3 a4 26. b4 cxb4 27. Nxb4 Bf6 28. Nd3
hxg4 29. Bxg4 Bxg4 30. Qxg4 Qxg4 31. hxg4 Be7 32. Rxe5 Bc5+ 33. Kh2 Rxe5 34.
Nxe5 Kh7 35. g3 fxg3+ 36. Kxg3 Bxa3 37. Nd3 Bd6+ 38. Kf3 Rf8+ 39. Ke2 Rxf1 40.
Kxf1 Kg6 41. Ke2 Kf6 42. Kd2 Kg5 43. Kc2 Kxg4 44. Nb2 Kf4 45. Nxa4 Ke5 46. Kb3
Be7 47. Nc3 Bd6 48. Nb5 Be7 49. Nxc7 Kd6 50. Ne6 b5 51. Nd4 bxc4+ 52. Kxc4 Bf6
1/2-1/2

[Event "BPB Limburg-open C"]
[Site "Maastricht"]
[Date "2015.05.24"]
[Round "4"]
[White "De Cocq, Marc"]
[Black "Reusink, Hans"]
[Result "1-0"]
[WhiteElo "1277"]
[BlackElo "1535"]
[PlyCount "72"]
[EventDate "2015.05.22"]
[EventType "swiss"]
[EventRounds "7"]
[EventCountry "NED"]
[Source "P.Boonen"]
[SourceDate "2015.01.01"]

1. e4 c5 2. Nc3 e6 3. Nf3 Nc6 4. Bb5 Qc7 5. d3 a6 6. Ba4 Nf6 7. h3 Be7 8. Bg5
O-O 9. Qe2 b5 10. Bb3 Bb7 11. e5 Ne8 12. a3 Bxg5 13. Nxg5 Nxe5 14. Nge4 d5 15.
Nxc5 Qxc5 16. Qxe5 Rc8 17. d4 Qb6 18. O-O Nd6 19. Ne2 Nc4 20. Bxc4 dxc4 21. c3
Qc6 22. f3 Rcd8 23. Nf4 f6 24. Qxe6+ Rf7 25. d5 Qc5+ 26. Kh2 Bxd5 27. Nxd5 Qxd5
28. Qxa6 Ra8 29. Qb6 Qe5+ 30. Kh1 Rb8 31. Qa5 Qc5 32. Rad1 Rff8 33. Qa6 Rb6 34.
Qa7 Qc6 35. Rd7 Kh8 36. Rxg7 Rb7 1-0

[Event "BPB Limburg-open C"]
[Site "Maastricht"]
[Date "2015.05.24"]
[Round "4"]
[White "De Cocq, Ramin"]
[Black "Oxener, Aldo"]
[Result "1-0"]
[WhiteElo "1101"]
[BlackElo "1533"]
[PlyCount "77"]
[EventDate "2015.05.22"]
[EventType "swiss"]
[EventRounds "7"]
[EventCountry "NED"]
[Source "P.Boonen"]
[SourceDate "2015.01.01"]

1. d4 Nf6 2. c4 g6 3. Nc3 d5 4. cxd5 Nxd5 5. e4 Nxc3 6. bxc3 Bg7 7. Bc4 c5 8.
Ne2 cxd4 9. cxd4 O-O 10. O-O Nc6 11. Be3 a6 12. f3 b5 13. Bd5 Bb7 14. Rc1 Rc8
15. Qb3 e6 16. Bxc6 Bxc6 17. d5 exd5 18. exd5 Qxd5 19. Qa3 Bb7 20. Rfd1 Rxc1
21. Rxc1 Rc8 22. Rxc8+ Bxc8 23. Kf2 Bf8 24. Qb2 Bb7 25. Nf4 Qc6 26. Nd3 Bg7 27.
Qb1 Qc4 28. Nc5 Bc8 29. Qb3 Qh4+ 30. Kf1 Qxh2 31. Qd3 Qc7 32. Qe4 Bf8 33. Qe8
h5 34. Ne4 Qc4+ 35. Kg1 Qe6 36. Qd8 Kg7 37. Bd4+ f6 38. Bxf6+ Kf7 39. Ng5+ 1-0

[Event "BPB Limburg-open C"]
[Site "Maastricht"]
[Date "2015.05.24"]
[Round "4"]
[White "De Schepper, Marcel"]
[Black "Beusen, Frank"]
[Result "0-1"]
[WhiteElo "1660"]
[BlackElo "1415"]
[PlyCount "90"]
[EventDate "2015.05.22"]
[EventType "swiss"]
[EventRounds "7"]
[EventCountry "NED"]
[Source "P.Boonen"]
[SourceDate "2015.01.01"]

1. d4 d5 2. c4 c6 3. e3 Nf6 4. Nc3 e6 5. Bd3 dxc4 6. Bxc4 g6 7. Nf3 Nbd7 8. O-O
Bg7 9. b3 b5 10. Bd3 Bb7 11. Ba3 Qa5 12. Bb2 O-O 13. Qe2 a6 14. Rfc1 Qd8 15.
Ne4 Nxe4 16. Bxe4 Nf6 17. Bxc6 Bxc6 18. Rxc6 Qd7 19. Ne5 Qb7 20. Rac1 Rac8 21.
Qc2 Rxc6 22. Qxc6 Qxc6 23. Rxc6 Ra8 24. Rc7 Nd5 25. Rc1 Bxe5 26. dxe5 Nb4 27.
a3 Nd3 28. Rc2 Nxb2 29. Rxb2 Rc8 30. Rb1 Rc2 31. Ra1 a5 32. Kf1 Rb2 33. a4 Rxb3
34. axb5 Rxb5 35. f4 Kf8 36. Kf2 Ke7 37. g4 Kd7 38. Rc1 a4 39. Rc4 Ra5 40. Rc2
a3 41. Ra2 Kc6 42. h4 Kb5 43. f5 exf5 44. gxf5 gxf5 45. Kf3 Kb4 0-1

[Event "BPB Limburg-open C"]
[Site "Maastricht"]
[Date "2015.05.24"]
[Round "4"]
[White "Deckers, Mano"]
[Black "Hauffe, Frank"]
[Result "0-1"]
[WhiteElo "1309"]
[BlackElo "1703"]
[PlyCount "57"]
[EventDate "2015.05.22"]
[EventType "swiss"]
[EventRounds "7"]
[EventCountry "NED"]
[Source "P.Boonen"]
[SourceDate "2015.01.01"]

1. d4 Nf6 2. f3 d5 3. g4 e6 4. Bg5 h6 5. Bxf6 Qxf6 6. h4 Bd6 7. Kf2 e5 8. dxe5
Qxe5 9. e3 Bc5 10. Qe1 d4 11. Ne2 Qxe3+ 12. Kg2 O-O 13. Nd2 Re8 14. Ne4 Rxe4
15. fxe4 Qxe4+ 16. Kh2 Bxg4 17. Ng3 Qxc2+ 18. Be2 Bd6 19. Rg1 Qxe2+ 20. Qxe2
Bxe2 21. Kh3 Bxg3 22. Kxg3 Nd7 23. Rg2 d3 24. Rxe2 dxe2 25. Kf2 Re8 26. Ke1 Nc5
27. Kd2 e1=Q+ 28. Rxe1 Rxe1 29. Kxe1 0-1

[Event "BPB Limburg-open C"]
[Site "Maastricht"]
[Date "2015.05.24"]
[Round "4"]
[White "Dethier, Krista"]
[Black "Lemmens, Paul"]
[Result "1/2-1/2"]
[WhiteElo "1325"]
[BlackElo "1513"]
[PlyCount "65"]
[EventDate "2015.05.22"]
[EventType "swiss"]
[EventRounds "7"]
[EventCountry "NED"]
[Source "P.Boonen"]
[SourceDate "2015.01.01"]

1. c4 f5 2. Nc3 g6 3. Nf3 Bg7 4. g3 d6 5. Bg2 Nf6 6. O-O c5 7. Ng5 O-O 8. a3
Nc6 9. Rb1 h6 10. Nh3 Be6 11. d3 Rc8 12. Qb3 b6 13. Nf4 Bf7 14. Bd5 Nxd5 15.
Ncxd5 e5 16. Ng2 Nd4 17. Qd1 Bxd5 18. cxd5 e4 19. a4 a6 20. e3 Nf3+ 21. Kh1 Qg5
22. Ne1 Qg4 23. Nxf3 exf3 24. Re1 h5 25. e4 f4 26. Rg1 Bd4 27. Bxf4 Bxf2 28.
Rf1 Rxf4 29. Rxf2 Rf7 30. Qd2 Qh3 31. Rg1 Rcf8 32. Qg5 Kh7 33. Qd2 1/2-1/2

[Event "BPB Limburg-open C"]
[Site "Maastricht"]
[Date "2015.05.24"]
[Round "4"]
[White "Dijkstra, Johan"]
[Black "Sleurs, Juliette"]
[Result "0-1"]
[WhiteElo "1640"]
[BlackElo "1446"]
[PlyCount "40"]
[EventDate "2015.05.22"]
[EventType "swiss"]
[EventRounds "7"]
[EventCountry "NED"]
[Source "P.Boonen"]
[SourceDate "2015.01.01"]

1. e4 e5 2. Nf3 Nc6 3. Bc4 Bc5 4. b4 Bxb4 5. c3 Be7 6. Qb3 Nh6 7. d4 Na5 8. Qb5
Nxc4 9. Bxh6 gxh6 10. Qxc4 exd4 11. Nxd4 d6 12. Qb5+ Qd7 13. Qd3 b6 14. Nf5 Rg8
15. Nxh6 Rxg2 16. Qd5 Rb8 17. Qxf7+ Kd8 18. Qxh7 Rxf2 19. Nf7+ Rxf7 20. Qxf7
Bh4+ 0-1